Loading...
| Science - Chemistry | 0 | 4 | 0 | 3 | 40 | 116 | 129.75 | 0 | 3 | 0.00 | 0.00 |
| Mythology | 1 | 2 | 1 | 2 | 30 | 21 | 104.67 | 1 | 2 | 0.00 | 0.00 |
| Fine Arts - Other | 0 | 3 | 0 | 3 | 30 | 140 | 149.67 | 0 | 0 | 0.00 | 0.00 |
| Other Academic | 1 | 1 | 0 | 1 | 25 | 55 | 98.50 | 0 | 1 | 0.00 | 0.00 |
| Social Science | 0 | 2 | 0 | 1 | 20 | 83 | 111.50 | 0 | 1 | 0.00 | 0.00 |
| Literature - Poetry | 0 | 2 | 0 | 0 | 20 | 96 | 100.50 | 1 | 2 | 0.00 | 0.00 |
| Science - Biology | 1 | 1 | 2 | 1 | 15 | 31 | 87.50 | 1 | 1 | 0.00 | 0.00 |
| Religion | 1 | 1 | 2 | 0 | 15 | 84 | 95.50 | 0 | 1 | 0.00 | 0.00 |
| History - World | 0 | 1 | 0 | 1 | 10 | 151 | 151.00 | 0 | 0 | 0.00 | 0.00 |
| Fine Arts - Classical Music | 0 | 1 | 0 | 0 | 10 | 154 | 154.00 | 0 | 0 | 0.00 | 0.00 |
| Literature - Drama | 0 | 1 | 0 | 0 | 10 | 105 | 105.00 | 0 | 1 | 0.00 | 0.00 |
| Science - Physics | 0 | 1 | 1 | 0 | 5 | 91 | 91.00 | 0 | 1 | 0.00 | 0.00 |
| Literature - Long Fiction | 0 | 1 | 2 | 1 | 0 | 150 | 150.00 | 0 | 0 | 0.00 | 0.00 |
| Science - Other | 0 | 0 | 0 | 0 | 0 | 0.00 | 0 | 0 | 0.00 | 0.00 | |
| History - Ancient | 0 | 0 | 0 | 0 | 0 | 0.00 | 0 | 0 | 0.00 | 0.00 | |
| Geography | 0 | 0 | 1 | 0 | -5 | 0.00 | 0 | 0 | 0.00 | 0.00 | |
| History - Other | 0 | 0 | 1 | 0 | -5 | 0.00 | 0 | 0 | 0.00 | 0.00 | |
| Short Fiction and Other | 0 | 0 | 3 | 0 | -15 | 0.00 | 0 | 0 | 0.00 | 0.00 |